| 000 | 00340 a2200145 4500 | ||
|---|---|---|---|
| 001 | 73328 | ||
| 082 | _a428 UNI | ||
| 090 |
_c38893 _d38893 |
||
| 245 | _aEast and West | ||
| 260 |
_aPeshawar _bUniversity of Peshawar _c1995 |
||
| 300 | _a239 p. | ||
| 500 | _aBE textbook H & S dept | ||
| 538 | _aCFT textbook | ||
| 610 | _aUniversity Press | ||
| 942 |
_aNUST-CAE _k428 UNI |
||
| 999 |
_c308401 _d308401 |
||